000 00872nam a2200265 a 4500
001 BRCA_7538
005 20190320205858.0
008 240513s1950----mx-a######---#000-0#spa-#
041 _aspa
044 _amx
050 4 _aQE523.P3
_b.A85 1950
100 1 _aDr. Atl
_d1875-1964
_qGerardo Murillo
_918584
245 1 0 _aCómo nace y crece un volcán
_bel Paricutín
_cobra escrita e ilustrada por el Dr. Atl.
260 _aMéxico
_bStylo
_c1950
300 _a152 p.
_bil. (algunas a color), 41 láminas
_c31 cm.
500 _aEn portada: El Paricutín 1943-México-1950
500 _aDedicatoria del autor al señor Franz Mayer
500 _aEjemplar numerado 493 de 1,200 (2a. serie)
500 _aIncluye índice de ilustraciones
500 _aS7
650 1 4 _aParicutín
_zMéxico
_918585
650 1 4 _aVolcanes
_zMéxico
_918586
902 _aGFM
942 _2lcc
_cB
999 _c7212
_d7212